000 01242cam a22002654a 4500
999 _c22239
_d22239
001 12011986
003 OSt
005 20170123155501.0
008 000518s2001 nyu be 001 0 eng
010 _a 00041696
020 _a0140514864
040 _aDLC
_cDLC
_dDLC
042 _apcc
050 0 0 _aRA644.A25
_bE5276 2001
082 0 0 _a362.1/969792/003
_221
245 0 0 _aEncyclopedia of AIDS :
_ba social, political, cultural, and scientific record of the HIV epidemic /
_cedited by Raymond A. Smith ; forewords by James W. Curran, Peter Piot.
260 _aNew York :
_bPenguin Books,
_c2001.
300 _axxxiii, 782 p. ;
_c24 cm.
500 _aPreviously published by: Chicago : Fitzroy Dearborn, 1998.
504 _aIncludes bibliographical references and index.
650 0 _aAIDS (Disease)
_vEncyclopedias.
700 1 _aSmith, Raymond A.,
_d1967-
906 _a7
_bcbc
_corignew
_d1
_eocip
_f20
_gy-gencatlg
942 _2lcc
_cREF_BOOK
_hREF RA 644 .A25E5276 2001